000 01780nam a22002657a 4500
003 OSt
005 20260127121134.0
008 260127b |||||||| |||| 00| 0 eng d
020 _a9788173044250
040 _cHDL
_beng
082 _a330.300 P3
245 0 4 _aThe forging of nationhood /
_cedited by Gyanendra Pandey, Peter Geschiere.
260 _aNew Delhi :
_bManohar,
_c2003.
300 _a303 p. ;
_c22 cm.
504 _aIncludes bibliographical references.
505 0 _aThe forging of nationhood : the contest over citizenship, ethnicity and history / Gyanendra Pandey and Peter Geschiere -- Citizenship and the administration of dominated populations : the case of postcolonial Ecuador / Andres Guerrero -- The spirit of Bolivian laws : citizenship, infamy and patriarchal hierarchy / Rossana Barragan -- Wrestling with the connotations of Chinese Minzu / Zhang Haiyang -- The return of Keppetipola's Cranium : the construction of authenticity in Sri Lankan nationalism / Nira Wickramasinghe -- Women's place in the nation : an early twentieth century Indian debate about the right of maidenhood / Sudhir Chandra -- Inventing oneself as "Mu-Luba" in Zaire : state, citizen, and ethnic power in modernity / T.K. Biaya -- From conquest to consent as the basis of state formation : reflections in Rawanda / Mahmood Mamdani -- The story of three songs : illuminations on the cultural politics of Thai citizenship / Kasian Tejapira.
520 _aContributed articles.
650 0 _aNationalism
_zDeveloping countries.
_91112068
650 0 _aCultural pluralism
_zDeveloping countries.
_91112069
651 _aIndia
_91112070
700 1 _aPandey, Gyanendra,
_d1949-
_91112071
700 1 _aGeschiere, Peter.
_91112072
942 _2CC
_cTEXL
_n1
999 _c1678235
_d1678235